| LEADER | 00437nam a2200157Ia 4500 | ||
|---|---|---|---|
| 001 | CTU_9962 | ||
| 008 | 210402s9999 xx 000 0 und d | ||
| 082 | |a 796.83 | ||
| 082 | |b T513 | ||
| 100 | |a Nguyễn Trung | ||
| 245 | 0 | |a Tập đánh quyền Anh | |
| 245 | 0 | |c Nguyễn Trung, Trần Đình Tùng | |
| 260 | |a Hà Nội | ||
| 260 | |b TDTT | ||
| 650 | |a boxing | ||
| 980 | |a Trung tâm Học liệu Trường Đại học Cần Thơ | ||